Statistiques concernant Elimination par catégories - alphabet

Cliquez ici pour prendre le quiz!

Statistiques générales

  • Ce quiz a été pris 2 791 fois
  • Le résultat moyen est 19 sur 20

Statistiques - réponses

HintRéponse% Correct
13On me trace en 2 fois
100%
7Je suis dans la 2e partie de l'alphabet
99%
10On ne peut pas me tracer d'un seul coup
98%
5Je suis plutôt courante
98%
20Je suis dans les 20 premières lettres
98%
13Je ne possède pas de boucle
98%
5Je suis entre deux consonnes
97%
20Je suis une consonne
97%
3Je possède au moins une boucle
97%
10Je ne me situe pas au début
96%
4On me trace d'un coup
95%
2Je ne suis pas courante
95%
18On ne me trouve pas dans le Liechtenstein
95%
7Je possède au moins une boucle
95%
5Je ne suis pas une voyelle
94%
1Ma voisine suivante se trace en une foisR
93%
1Je suis long à tracerW
93%
3Je suis à la fin de l'alphabet
92%
1Je suis la moins connue de ce groupeK
91%
1Je ne possède pas de barre verticaleQ
86%

Distribution des résultats

Percentile par nombre de réponses

% des personnes avec chaque résultat

Votre développement - résultats

Vous n’avez pas pris ce quiz